|
|
|
|
| LEADER |
00000nab a2200000 a 4500 |
| 001 |
vtls010559370 |
| 003 |
SK-MaSNL |
| 005 |
20260303085828.0 |
| 008 |
131119c20131113xo drz 0 0slo |
| 038 |
|
|
|a KEVKJB
|
| 040 |
|
|
|a KEVKJB
|b slo
|c KEVKJB
|e AACR2
|
| 041 |
0 |
|
|a slo
|
| 044 |
|
|
|a xo
|c SK
|
| 080 |
|
|
|a 821.162.4-31
|2 2001
|
| 245 |
0 |
0 |
|a Košičanka napísala knihu o nevere
|c [autor] (nit)
|
| 300 |
|
|
|b Fotogr.
|
| 600 |
1 |
7 |
|a Štrauchová, Beáta
|t Nevera na dva ťahy
|2 kevkjb
|9 1095925
|
| 650 |
0 |
7 |
|a slovenské romány
|2 kevkjb
|9 103163
|
| 651 |
|
7 |
|a Košice (Slovensko)
|2 kevkjb
|9 18694
|
| 773 |
0 |
|
|t Korzár : denník Košického kraja
|g Roč. XVI., č. 264 (13.11.2013), s. 9
|x 1338-659X
|
| 852 |
|
|
|a KEVKJB
|b KIS3GCP
|
| 856 |
4 |
1 |
|u http://kosice.korzar.sme.sk/c/7003829/kosicanka-napisala-knihu-o-nevere.html
|
| 958 |
|
|
|a LX
|
| 958 |
|
|
|a BX
|
| 999 |
|
|
|c 1800721
|d 1802651
|